[Event "AUT-chT2O 1718"]
[Site "Austria"]
[Date "2017.11.18"]
[Round "3.6"]
[White "Lovrinovic, Christian"]
[Black "Savio, Alfred"]
[Result "1-0"]
[WhiteElo "2139"]
[BlackElo "2014"]
[PlyCount "87"]
[EventDate "2017.10.21"]
[EventType "team-tourn"]
[EventRounds "11"]
[EventCountry "AUT"]
[SourceTitle "CBM 181 Extra"]
[Source "ChessBase"]
[SourceDate "2017.12.12"]
[SourceVersion "1"]
[SourceVersionDate "2017.12.12"]
[SourceQuality "1"]
[WhiteTeam "Pamhagen II"]
[BlackTeam "Mattersburg"]
[WhiteTeamCountry "AUT"]
[BlackTeamCountry "AUT"]

1. d4 Nf6 2. c4 e6 3. Nc3 Bb4 4. Nf3 c5 5. g3 0-0 6. Bg2 d5 7. cxd5 cxd4 8. Nxd4 Nxd5 9. Bd2 Nxc3 10. bxc3 Bc5 11. Nb3 Be7 12. 0-0 Nc6 13. Qc2 Qc7 14. Rac1 e5 15. Be3 b6 16. Nd4 Bb7 17. Nf5 Bf6 18. g4 Ne7 19. Bxb7 Qxb7 20. g5 Qd7 21. Ng3 Bxg5 22. Bxg5 f6 23. Be3 f5 24. Bg5 Ng6 25. Rcd1 Qe6 26. Qb3 Qxb3 27. axb3 f4 28. Ne4 h6 29. Rd6 Kh7 30. Rxg6 Kxg6 31. Be7 Rf7 32. Bd6 Kf5 33. f3 Rd7 34. Rd1 Rc8 35. Rd5 Re8 36. c4 Re6 37. b4 a5 38. bxa5 bxa5 39. c5 Rd8 40. c6 Ra8 41. c7 Ree8 42. Rb5 a4 43. Ba3 Ke6 44. Nd6 1-0

[Event "AUT-chT2O 1617"]
[Site "Austria"]
[Date "2016.10.15"]
[Round "1.6"]
[White "Savio, Alfred"]
[Black "Kuthan, Andreas"]
[Result "1-0"]
[WhiteElo "2024"]
[BlackElo "2208"]
[PlyCount "59"]
[EventDate "2016.10.15"]
[EventType "team-tourn"]
[EventRounds "11"]
[EventCountry "AUT"]
[SourceTitle "EXT 2017"]
[Source "ChessBase"]
[SourceDate "2016.10.25"]
[SourceVersion "1"]
[SourceVersionDate "2016.10.25"]
[SourceQuality "1"]
[WhiteTeam "Mattersburg"]
[BlackTeam "Pamhagen"]
[WhiteTeamCountry "AUT"]
[BlackTeamCountry "AUT"]

1. d4 Nf6 2. Nc3 d5 3. Nf3 g6 4. Bf4 Bg7 5. e3 0-0 6. Be2 c5 7. Bxb8 Rxb8 8. 0-0 cxd4 9. exd4 Bf5 10. Bd3 Ne4 11. Re1 Nxc3 12. bxc3 Bxd3 13. cxd3 e6 14. Qa4 Qc7 15. c4 dxc4 16. dxc4 Rfc8 17. c5 a6 18. Rac1 Qc6 19. Qa5 Rd8 20. Rcd1 Rd5 21. Ne5 Bxe5 22. Rxe5 Rbd8 23. Rxd5 Qxd5 24. f4 Rd7 25. Qa4 Rd8 26. Qc2 Rc8 27. Qe2 Rd8 28. Qc2 f6 29. Qb3 e5 30. dxe5 1-0

[Event "AUT-chT2O 1516"]
[Site "Austria"]
[Date "2016.04.10"]
[Round "11.2"]
[White "Demircan, Suekrue"]
[Black "Savio, Alfred"]
[Result "1-0"]
[WhiteElo "2111"]
[BlackElo "2036"]
[PlyCount "91"]
[EventDate "2015.10.17"]
[EventType "team-tourn"]
[EventRounds "11"]
[EventCountry "AUT"]
[SourceTitle "EXT 2017"]
[Source "ChessBase"]
[SourceDate "2016.10.25"]
[SourceVersion "1"]
[SourceVersionDate "2016.10.25"]
[SourceQuality "1"]
[WhiteTeam "Donaustadt"]
[BlackTeam "Mattersburg"]
[WhiteTeamCountry "AUT"]
[BlackTeamCountry "AUT"]

1. e4 e5 2. f4 exf4 3. Nf3 d5 4. exd5 Nf6 5. Bb5+ c6 6. dxc6 Qe7+ 7. Qe2 bxc6 8. Qxe7+ Bxe7 9. Ba4 0-0 10. 0-0 Nd5 11. Nc3 Nb6 12. Bb3 a5 13. a3 N8d7 14. Re1 Bd6 15. Ne4 Bc7 16. Nd4 c5 17. Nb5 Bb8 18. d3 a4 19. Ba2 Ba6 20. Nbd6 g5 21. Nf5 Re8 22. Bd2 Be5 23. Nxg5 c4 24. d4 f6 25. Nf3 Bc7 26. Ba5 Bb5 27. Bb4 Nd5 28. Ne7+ Nxe7 29. Bxe7 Kf7 30. Bb4 Nb6 31. Nd2 Re3 32. Nf1 Ree8 33. Kf2 f5 34. Nd2 Re3 35. Bc5 Kf6 36. Bxb6 Bxb6 37. c3 Rd3 38. Rad1 Rxd4 39. cxd4 Bxd4+ 40. Kf3 Bc6+ 41. Kxf4 Rg8 42. Ne4+ Bxe4 43. Rxd4 Rg4+ 44. Ke3 Rxg2 45. Bxc4 Rxh2 46. Re2 1-0

[Event "AUT-chT2O 1516"]
[Site "Austria"]
[Date "2016.04.02"]
[Round "9.1"]
[White "Savio, Alfred"]
[Black "Hofegger, Jakob"]
[Result "0-1"]
[WhiteElo "2036"]
[BlackElo "1990"]
[PlyCount "64"]
[EventDate "2015.10.17"]
[EventType "team-tourn"]
[EventRounds "11"]
[EventCountry "AUT"]
[SourceTitle "EXT 2017"]
[Source "ChessBase"]
[SourceDate "2016.10.25"]
[SourceVersion "1"]
[SourceVersionDate "2016.10.25"]
[SourceQuality "1"]
[WhiteTeam "Mattersburg"]
[BlackTeam "Baden Invest"]
[WhiteTeamCountry "AUT"]
[BlackTeamCountry "AUT"]

1. d4 Nf6 2. c4 g6 3. Nc3 Bg7 4. Nf3 0-0 5. e4 d6 6. Be2 e5 7. dxe5 dxe5 8. Qxd8 Rxd8 9. Bg5 Re8 10. Nd5 Nxd5 11. cxd5 c6 12. Bc4 b5 13. Bb3 Bb7 14. 0-0-0 a5 15. d6 Nd7 16. Be3 a4 17. Bc2 c5 18. h4 Rec8 19. h5 b4 20. hxg6 hxg6 21. Bh6 Bh8 22. Nd2 c4 23. Rh3 b3 24. Bb1 Ra6 25. Rc3 Rxd6 26. Rxc4 Rdc6 27. axb3 axb3 28. Bd3 Rxc4+ 29. Bxc4 Nb6 30. Re1 Nxc4 31. Nb1 Bxe4 32. Nc3 Bxg2 0-1

[Event "AUT-chT2O 1516"]
[Site "Austria"]
[Date "2015.11.29"]
[Round "4.4"]
[White "Hechl, Gerald"]
[Black "Savio, Alfred"]
[Result "1/2-1/2"]
[WhiteElo "2205"]
[BlackElo "2036"]
[PlyCount "110"]
[EventDate "2015.10.17"]
[EventType "team-tourn"]
[EventRounds "11"]
[EventCountry "AUT"]
[SourceTitle "EXT 2017"]
[Source "ChessBase"]
[SourceDate "2016.10.25"]
[SourceVersion "1"]
[SourceVersionDate "2016.10.25"]
[SourceQuality "1"]
[WhiteTeam "Pressbaum"]
[BlackTeam "Mattersburg"]
[WhiteTeamCountry "AUT"]
[BlackTeamCountry "AUT"]

1. d4 Nf6 2. Bg5 d5 3. Bxf6 exf6 4. e3 c5 5. Ne2 Nc6 6. Nbc3 cxd4 7. Nxd4 Bb4 8. Bb5 Qd6 9. 0-0 0-0 10. Nce2 Ne5 11. Ng3 Bg4 12. f3 Bd7 13. Ngf5 Bxf5 14. Nxf5 Qe6 15. Nd4 Qb6 16. c3 Bc5 17. Qb3 a6 18. Be2 Qxb3 19. axb3 Rfe8 20. Kf2 g6 21. f4 Nc6 22. Bf3 Bxd4 23. exd4 Rad8 24. Rfe1 Kf8 25. b4 Re7 26. Rxe7 Kxe7 27. Re1+ Kd6 28. g4 g5 29. f5 Ne7 30. h4 h5 31. gxh5 Nxf5 32. hxg5 fxg5 33. Re5 Ne7 34. Rxg5 Rh8 35. Bg4 Rh6 36. Ke3 b6 37. Be2 a5 38. bxa5 bxa5 39. Rg1 Rf6 40. Bd3 Rh6 41. Rh1 Ke6 42. Kf4 Kf6 43. Kg4 Rh8 44. Rf1+ Ke6 45. Ra1 f5+ 46. Kh4 Rb8 47. Re1+ Kf6 48. Re2 Rg8 49. Rf2 Rg4+ 50. Kh3 Kg5 51. Be2 Rh4+ 52. Kg2 f4 53. Kg1 Nf5 54. Rg2+ Ng3 55. Bb5 Kxh5 1/2-1/2

[Event "AUT-chT2O 1415"]
[Site "Austria"]
[Date "2015.03.08"]
[Round "11.2"]
[White "Gajic, Zoran2222"]
[Black "Savio, Alfred"]
[Result "1-0"]
[WhiteElo "2106"]
[BlackElo "2043"]
[PlyCount "89"]
[EventDate "2014.10.18"]
[EventType "team-tourn"]
[EventRounds "11"]
[EventCountry "AUT"]
[SourceTitle "EXT 2016"]
[Source "ChessBase"]
[SourceDate "2015.10.08"]
[SourceVersion "1"]
[SourceVersionDate "2015.10.08"]
[SourceQuality "1"]
[WhiteTeam "Stockerau"]
[BlackTeam "Mattersburg"]
[WhiteTeamCountry "AUT"]
[BlackTeamCountry "AUT"]

1. e4 c6 2. d4 d5 3. Nd2 dxe4 4. Nxe4 Bf5 5. Ng3 Bg6 6. Nf3 Nd7 7. Bc4 e6 8. 0-0 Ngf6 9. Bg5 Be7 10. Re1 0-0 11. Nh4 Nb6 12. Nxg6 hxg6 13. Bb3 c5 14. dxc5 Bxc5 15. Qf3 Be7 16. Qxb7 Qd7 17. Qxd7 Nbxd7 18. Rad1 Nc5 19. Bc4 Rfd8 20. b4 Na4 21. a3 a5 22. Rxd8+ Bxd8 23. Bb3 axb4 24. axb4 Nc3 25. Bd2 Nb5 26. c4 Nd4 27. Bd1 Bc7 28. Bc3 e5 29. Kf1 Ra3 30. Re3 Nf5 31. Nxf5 gxf5 32. Bd4 Rxe3 33. Bxe3 g6 34. f3 e4 35. h3 Be5 36. f4 Bc3 37. b5 Nd7 38. c5 Ba5 39. b6 Kf8 40. Ba4 Ke7 41. Ke2 Kd8 42. Bd4 Kc8 43. b7+ Kc7 44. Bxd7 Kxb7 45. Be8 1-0

[Event "AUT-chT2O 1415"]
[Site "Austria"]
[Date "2014.12.06"]
[Round "5.6"]
[White "Kuthan, Andreas"]
[Black "Savio, Alfred"]
[Result "1-0"]
[WhiteElo "2208"]
[BlackElo "2043"]
[PlyCount "79"]
[EventDate "2014.10.18"]
[EventType "team-tourn"]
[EventRounds "11"]
[EventCountry "AUT"]
[SourceTitle "EXT 2016"]
[Source "ChessBase"]
[SourceDate "2015.10.08"]
[SourceVersion "1"]
[SourceVersionDate "2015.10.08"]
[SourceQuality "1"]
[WhiteTeam "Pamhagen"]
[BlackTeam "Mattersburg"]
[WhiteTeamCountry "AUT"]
[BlackTeamCountry "AUT"]

1. d4 Nf6 2. c4 e6 3. Nc3 Bb4 4. e3 0-0 5. Bd3 Nc6 6. Nge2 d6 7. 0-0 e5 8. Qc2 Bxc3 9. Qxc3 e4 10. Bc2 Bf5 11. f3 a5 12. Ng3 Bg6 13. Nxe4 Nxe4 14. Bxe4 Bxe4 15. fxe4 Re8 16. Rf4 Ne7 17. Bd2 Ng6 18. Rf5 Qh4 19. Raf1 Qxe4 20. Rxf7 Nh4 21. R7f2 Re6 22. Qxa5 b5 23. Qxb5 c5 24. Qd7 h6 25. Qf7+ Kh7 26. Qf4 Rxa2 27. Qxe4+ Rxe4 28. Bc3 Rxe3 29. dxc5 dxc5 30. Rf7 Rxc3 31. bxc3 Rxg2+ 32. Kh1 Rc2 33. Rc7 Rxc3 34. Rxc5 g5 35. Rc6 g4 36. Rb1 Rf3 37. Rb7+ Kg8 38. Kg1 Rf8 39. Rxh6 Nf3+ 40. Kg2 1-0

[Event "Semriach op 12th"]
[Site "Semriach"]
[Date "2013.04.30"]
[Round "4"]
[White "Hartinger, Heinz"]
[Black "Savio, Alfred"]
[Result "1-0"]
[WhiteElo "1961"]
[BlackElo "1993"]
[PlyCount "80"]
[EventDate "2013.04.27"]
[EventType "swiss"]
[EventRounds "5"]
[EventCountry "AUT"]
[SourceTitle "CBM 154 Extra"]
[Source "ChessBase"]
[SourceDate "2013.06.25"]
[SourceVersion "2"]
[SourceVersionDate "2013.06.25"]
[SourceQuality "1"]

1. d4 d5 2. Nf3 Bf5 3. Bf4 e6 4. e3 Bd6 5. Bg3 Nf6 6. Bd3 Bxd3 7. Qxd3 0-0 8. Nbd2 Nc6 9. c3 Re8 10. Ne5 Ne7 11. f4 Nf5 12. Bf2 Bf8 13. 0-0 Nd6 14. Bh4 Be7 15. Bxf6 Bxf6 16. Rf3 g6 17. g4 Bg7 18. Rh3 f5 19. Ndf3 Ne4 20. Rc1 c6 21. Rc2 Rc8 22. Rg2 c5 23. Qd1 cxd4 24. exd4 Rf8 25. Qe1 Bxe5 26. Nxe5 Rc7 27. Rf3 Rg7 28. g5 Qa5 29. a3 Qa4 30. h4 Rc8 31. Rh3 Qe8 32. Rgh2 Kf8 33. h5 Ke7 34. hxg6 hxg6 35. Rh7 Qg8 36. Nxg6+ Kd6 37. Rh8 Qf7 38. Rxc8 Qxg6 39. c4 Kd7 40. Rhh8 Nd6 1-0

[Event "AUT-chT2O 1213"]
[Site "Austria"]
[Date "2013.03.10"]
[Round "9.6"]
[White "Savio, Alfred"]
[Black "Bauer, Marie Christine"]
[Result "1/2-1/2"]
[WhiteElo "2035"]
[BlackElo "1884"]
[PlyCount "60"]
[EventDate "2012.10.06"]
[EventType "team-tourn"]
[EventRounds "11"]
[EventCountry "AUT"]
[SourceTitle "EXT 2014"]
[Source "ChessBase"]
[SourceDate "2013.11.20"]
[SourceVersion "1"]
[SourceVersionDate "2013.11.20"]
[SourceQuality "1"]
[WhiteTeam "Mattersburg"]
[BlackTeam "Purbach"]
[WhiteTeamCountry "AUT"]
[BlackTeamCountry "AUT"]

1. d4 d5 2. c3 Nf6 3. e3 Bf5 4. Nf3 e6 5. Qb3 Qc8 6. Nbd2 Nbd7 7. Nh4 Be4 8. f3 Bg6 9. Nxg6 hxg6 10. Be2 Bd6 11. f4 c5 12. Nf3 c4 13. Qc2 Ne4 14. 0-0 Ndf6 15. Nd2 Ke7 16. Bf3 Nxd2 17. Bxd2 Qc7 18. Rae1 g5 19. g3 gxf4 20. exf4 g6 21. Re2 Kf8 22. Rg2 Kg7 23. Rc1 b5 24. Ra1 a5 25. Be1 a4 26. Re2 Rhf8 27. Rf2 Rh8 28. Re2 Rhf8 29. Rf2 Rh8 30. Re2 Rhg8 1/2-1/2

[Event "Lienz op 17th"]
[Site "Lienz"]
[Date "2013.02.15"]
[Round "8"]
[White "Ellmaier, Hans Ludwig"]
[Black "Savio, Alfred"]
[Result "0-1"]
[WhiteElo "1925"]
[BlackElo "2018"]
[PlyCount "64"]
[EventDate "2013.02.09"]
[EventType "swiss"]
[EventRounds "9"]
[EventCountry "AUT"]
[SourceTitle "CBM 152 Extra"]
[Source "ChessBase"]
[SourceDate "2013.02.25"]
[SourceVersion "1"]
[SourceVersionDate "2013.02.25"]
[SourceQuality "1"]

1. c4 Nf6 2. d4 e6 3. Nc3 Bb4 4. a3 Bxc3+ 5. bxc3 0-0 6. Nf3 d6 7. e3 Nc6 8. Be2 b6 9. 0-0 Bb7 10. Nd2 e5 11. d5 Ne7 12. e4 Nd7 13. a4 f5 14. exf5 Nxf5 15. Ne4 Nc5 16. Bg5 Qd7 17. Nxc5 bxc5 18. a5 Ba6 19. g4 Ne7 20. Bd3 h6 21. Bh4 Rf4 22. h3 Bxc4 23. Bg3 Bxd3 24. Qxd3 Rff8 25. f4 exf4 26. Bxf4 Qe8 27. Rae1 Qg6 28. Qc4 Rae8 29. Re6 Qf7 30. Rf2 Nxd5 31. Rxe8 Rxe8 32. Bxh6 Re1+ 0-1

[Event "Ratten op 18th"]
[Site "Ratten"]
[Date "2011.06.05"]
[Round "5"]
[White "Schieder, Andreas"]
[Black "Savio, Alfred"]
[Result "1-0"]
[WhiteElo "2164"]
[BlackElo "2071"]
[PlyCount "60"]
[EventDate "2011.06.02"]
[EventType "swiss"]
[EventRounds "5"]
[EventCountry "AUT"]
[SourceTitle "CBM 143 Extra"]
[Source "ChessBase"]
[SourceDate "2011.08.29"]
[SourceVersion "1"]
[SourceVersionDate "2011.08.29"]
[SourceQuality "1"]

1. d4 Nf6 2. Bg5 d5 3. Nd2 e6 4. e3 c5 5. c3 Nc6 6. f4 Bd7 7. Bd3 c4 8. Bc2 h6 9. Bh4 Be7 10. Nh3 b5 11. 0-0 b4 12. e4 dxe4 13. Bxf6 Bxf6 14. Nxc4 Qc7 15. Ne5 Rd8 16. Bxe4 Ne7 17. Rc1 Qb6 18. Nf2 0-0 19. Nfg4 Bxe5 20. fxe5 Nf5 21. Bxf5 exf5 22. Ne3 Rfe8 23. Nc4 Qa6 24. Nd6 Re7 25. c4 g6 26. Qd2 b3 27. axb3 Kh7 28. Ra1 Qb6 29. b4 Rb8 30. b5 Rxe5 1-0

[Event "Ratten op 18th"]
[Site "Ratten"]
[Date "2011.06.03"]
[Round "3"]
[White "Hoebarth, Guenter"]
[Black "Savio, Alfred"]
[Result "0-1"]
[WhiteElo "1948"]
[BlackElo "2071"]
[PlyCount "50"]
[EventDate "2011.06.02"]
[EventType "swiss"]
[EventRounds "5"]
[EventCountry "AUT"]
[SourceTitle "CBM 143 Extra"]
[Source "ChessBase"]
[SourceDate "2011.08.29"]
[SourceVersion "1"]
[SourceVersionDate "2011.08.29"]
[SourceQuality "1"]

1. e4 c6 2. b3 d5 3. exd5 cxd5 4. Bb2 Nc6 5. Nf3 Nf6 6. d4 Bg4 7. h3 Bh5 8. g4 Bg6 9. Ne5 Ne4 10. Bd3 Nxe5 11. dxe5 Qa5+ 12. Kf1 e6 13. Kg2 Bc5 14. Rf1 Qb6 15. Nc3 Nxf2 16. Na4 Nxd1 17. Nxb6 Ne3+ 18. Kf3 Bxd3 19. Nxa8 Be4+ 20. Ke2 Nxf1 21. Nc7+ Kd7 22. Rxf1 Kxc7 23. Rxf7+ Kc6 24. c4 Rf8 25. cxd5+ Bxd5 0-1

[Event "Niederoesterreich Landesliga 1011"]
[Site "Austria"]
[Date "2011.02.20"]
[Round "10"]
[White "Savio, Alfred"]
[Black "Sulyok, Michael"]
[Result "1-0"]
[WhiteElo "2012"]
[BlackElo "2225"]
[PlyCount "74"]
[EventDate "2010.09.12"]
[EventType "team-tourn"]
[EventRounds "13"]
[EventCountry "AUT"]
[SourceTitle "EXT 2022"]
[Source "ChessBase"]
[SourceDate "2021.10.06"]
[SourceVersion "1"]
[SourceVersionDate "2021.10.06"]
[SourceQuality "1"]

1. c4 c5 2. Nc3 g6 3. g3 Bg7 4. Bg2 Nc6 5. Nf3 e5 6. 0-0 Nge7 7. d3 0-0 8. Bg5 h6 9. Bd2 Rb8 10. Rb1 a6 11. a3 b5 12. cxb5 axb5 13. Ne4 d6 14. b4 cxb4 15. axb4 Be6 16. Qc1 Kh7 17. Ra1 Rc8 18. Qa3 Qd7 19. Rfc1 Nd5 20. Qa6 Ncxb4 21. Qxd6 Qxd6 22. Nxd6 Rcd8 23. Nxb5 e4 24. dxe4 Bxa1 25. exd5 Bb2 26. Bxb4 Bxc1 27. dxe6 fxe6 28. Bxf8 Rxf8 29. Nc7 Rf6 30. Bh3 g5 31. Nxe6 Kg6 32. Ne5+ Kh7 33. e4 Bb2 34. Nd7 Rf7 35. Bf5+ Kg8 36. Nd8 Re7 37. Nc6 Rg7 1-0

[Event "AUT-chT2O 1011"]
[Site "Austria"]
[Date "2011.01.30"]
[Round "9.6"]
[White "Stadler, Peter"]
[Black "Savio, Alfred"]
[Result "1-0"]
[WhiteElo "2169"]
[BlackElo "2063"]
[PlyCount "62"]
[EventDate "2010.10.02"]
[EventType "team-tourn"]
[EventRounds "11"]
[EventCountry "AUT"]
[SourceTitle "EXT 2012"]
[Source "ChessBase"]
[SourceDate "2011.11.24"]
[SourceVersion "1"]
[SourceVersionDate "2011.11.24"]
[SourceQuality "1"]
[WhiteTeam "Zwettl"]
[BlackTeam "Mattersburg"]
[WhiteTeamCountry "AUT"]
[BlackTeamCountry "AUT"]

1. d4 d5 2. c4 c6 3. Nf3 Nf6 4. Nc3 e6 5. e3 Nbd7 6. Bd3 Bd6 7. 0-0 0-0 8. e4 dxc4 9. Bxc4 e5 10. d5 Nb6 11. Bb3 Bg4 12. dxc6 bxc6 13. h3 Bh5 14. g4 Bg6 15. Qe2 Qe7 16. Bg5 a5 17. a3 Qb7 18. Ba2 Rfe8 19. Nh4 Nfd7 20. Nf5 Bf8 21. Kh2 Nc5 22. h4 Ne6 23. Be3 f6 24. g5 fxg5 25. hxg5 Kh8 26. Qg4 Bf7 27. Kg3 c5 28. Rh1 Nd4 29. Bxf7 Qxf7 30. g6 Nxf5+ 31. exf5 Qg8 1-0

[Event "AUT-chT2O 1011"]
[Site "Austria"]
[Date "2010.10.31"]
[Round "4.6"]
[White "Savio, Alfred"]
[Black "Batyte, Daiva"]
[Result "0-1"]
[WhiteElo "2063"]
[BlackElo "2167"]
[PlyCount "138"]
[EventDate "2010.10.02"]
[EventType "team-tourn"]
[EventRounds "11"]
[EventCountry "AUT"]
[SourceTitle "EXT 2011"]
[Source "ChessBase"]
[SourceDate "2010.11.26"]
[SourceVersion "1"]
[SourceVersionDate "2010.11.26"]
[SourceQuality "1"]
[WhiteTeam "Mattersburg"]
[BlackTeam "Wieden"]
[WhiteTeamCountry "AUT"]
[BlackTeamCountry "AUT"]

1. d4 Nf6 2. Nc3 d5 3. Bg5 h6 4. Bxf6 exf6 5. e3 c6 6. Bd3 g6 7. Nge2 Bg7 8. Nf4 f5 9. h4 Nd7 10. g4 fxg4 11. Qxg4 Ne5 12. Qg3 Nxd3+ 13. cxd3 Qd6 14. 0-0-0 Bd7 15. Kb1 0-0-0 16. Rc1 Kb8 17. Rhd1 Bf6 18. Rh1 g5 19. Nh5 Qxg3 20. fxg3 Be7 21. Rcf1 f5 22. hxg5 hxg5 23. Ng7 Rhf8 24. e4 fxe4 25. dxe4 Bf6 26. Nh5 Bxd4 27. exd5 Bf5+ 28. Ka1 Bxc3 29. bxc3 cxd5 30. Ng7 Bg4 31. Re1 Rd7 32. Ne6 Bxe6 33. Rxe6 Rf3 34. g4 Rxc3 35. Re5 Rg3 36. Rxg5 d4 37. Rd1 Kc7 38. Rc5+ Kb6 39. Rg5 a5 40. Rd2 a4 41. Rb2+ Kc6 42. Rc2+ Kd6 43. Rd2 Ke6 44. Re2+ Re3 45. Rb2 Re1+ 46. Rb1 Rxb1+ 47. Kxb1 Rc7 48. Rf5 d3 49. Rf1 Ke5 50. g5 Ke4 51. g6 d2 52. Rh1 a3 53. Rh4+ Kf3 54. Rh1 b5 55. Rg1 b4 56. Rh1 Rg7 57. Kc2 Rxg6 58. Rh2 Rd6 59. Kd1 Rd4 60. Rh3+ Ke4 61. Rg3 Kd5 62. Rg5+ Kc4 63. Rg3 Rf4 64. Kc2 Rf2 65. Rg4+ Kb5 66. Kd1 b3 67. Rg5+ Kc6 68. Rg6+ Kd5 69. Rb6 bxa2 0-1

[Event "AUT-chT2O 0708"]
[Site "Austria"]
[Date "2007.10.21"]
[Round "2.6"]
[White "Savio, Alfred"]
[Black "Roman, Liviu Valeriu"]
[Result "1/2-1/2"]
[WhiteElo "2045"]
[BlackElo "1960"]
[PlyCount "33"]
[EventDate "2007.10.20"]
[EventType "team"]
[EventRounds "11"]
[EventCountry "AUT"]
[SourceTitle "EXT 2009"]
[Source "ChessBase"]
[SourceDate "2008.11.26"]
[SourceVersion "1"]
[SourceVersionDate "2008.11.26"]
[SourceQuality "1"]
[WhiteTeam "Mattersburg"]
[BlackTeam "Wiener Neustadt"]
[WhiteTeamCountry "AUT"]
[BlackTeamCountry "AUT"]

1. d4 Nf6 2. Nf3 c5 3. d5 e6 4. c4 exd5 5. cxd5 d6 6. Nc3 g6 7. Bg5 Bg7 8. Qd2 0-0 9. h4 h5 10. e3 Re8 11. Bd3 Na6 12. 0-0 Bg4 13. Bb5 Bd7 14. Bf4 Bxb5 15. Nxb5 Ne4 16. Qe2 Nb4 17. Rfd1 1/2-1/2